000 00669cam a22002413a 4500
001 26202
003 PGUSA
005 20140828083550.0
008 080801s2008||||xxu|||||s|||||000 | eng d
040 _aPGUSA
_beng
042 _adc
050 4 _aB
100 1 _aTagore, Rabindranath,
_d1861-1941
245 1 0 _aSadhana, the Realisation of Life
_h[electronic resource] /
_cRabindranath Tagore
260 _bProject Gutenberg,
_c2008
506 _aPublic domain in the USA.
516 _aElectronic text
653 _aPhilosophy, Hindu
653 _aValues
830 0 _aProject Gutenberg
_v26202
856 4 0 _uhttp://www.gutenberg.org/ebooks/26202
942 _cEB
999 _c255457
_d255457